Európska únia

Saved in:
Bibliographic Details
Main Author: Šíbl, Drahoš
Corporate Author: Ekonomická univerzita v Bratislave. Obchodná fakulta
Other Authors: Šaková, Beáta, Mogyorosiová, Zuzana, 1975-, Báráňová-Čiderová, Denisa, 1977-, Silná, Zuzana
Format: Book
Language:Slovak
Published: Bratislava Vydavateľstvo EKONÓM 2006
Subjects:
Tags: Add Tag
No Tags, Be the first to tag this record!

MARC

LEADER 00000nam$a2200000$$$4500
001 0046620
005 20240502071534.3
020 |a 80-225-2179-5 
041 0 |a slo 
044 |a SK 
245 1 0 |a Európska únia  |c Drahoš Šíbl a kolektív 
264 1 |a Bratislava  |b Vydavateľstvo EKONÓM  |c 2006 
300 |a 288 s. 
610 2 0 |a Európska únia 
610 2 0 |a Slovensko 
610 2 0 |a integrácia ekonomická medzinárodná 
610 2 0 |a zmluvy hospodárske 
610 2 0 |a zmluvy medzinárodné 
100 1 |a Šíbl, Drahoš 
700 1 |a Šaková, Beáta 
700 1 |a Mogyorosiová, Zuzana, 1975- 
700 1 |a Báráňová-Čiderová, Denisa, 1977- 
700 1 |a Silná, Zuzana 
710 2 |a Ekonomická univerzita v Bratislave. Obchodná fakulta